Vista normal
Vista MARC
Entrada Materia (geográfica)
Número de registros utilizados en: 2
001 - CONTROL NUMBER
- control field: 29441
003 - CONTROL NUMBER IDENTIFIER
- control field: Co-BoUCM
005 - DATE AND TIME OF LATEST TRANSACTION
- control field: 20130220082124.0
008 - FIXED-LENGTH DATA ELEMENTS
- fixed length control field: 130220|| aca||aabn | a|a d
040 ## - CATALOGING SOURCE
- Original cataloging agency: Co-BoUCM
- Transcribing agency: Co-BoUCM
151 ## - HEADING--GEOGRAPHIC NAME
- Geographic name: Venezuela
- General subdivision: Historia
- Chronological subdivision: Siglo XVII
670 ## - SOURCE DATA FOUND
- Source citation: Work cat.: (Co-BoUCM)164865: Arráiz Lucca, Rafael 1049, Colonia y república, 2009